00562nam a2200181Ia 450000500170000000800410001702000150005808200130007310000190008624500650010526000430017030000120021365000130022565000240023894200060026295200970026899900150036520240604022213.0240331s9999 xx 000 0 und d a0745611710 bMATa362 aMatoesian, G.M 0aReproducing rape :bdomination through talk in the courtroom aBlackwell PublishersbCambridge c1993 a256 p., aFeminism aReproductive Rights cL 001040708LaWERCLbWERCLcSSCd2024-03-31l0o 362.8 MATp2063r2024-03-31w2024-03-31yL c2919d2919